00704nam a2200193 a 450000100060000000300090000600800410001502000150005604000280007108200160009910000230011524500400013826000370017830000100021550502470022565000140047265000100048665000140049615241CO-ViMGA141112s2004 ck r 000 u spa d a9684265115 aCO-ViMGAbspacCO-ViMGA04a641.1 F353p1 aFeldman, Elaine B.10aPrincipios de Nutrición Clínica aMexico, cManual moderno, c1994 a660.p aPrincipios básicos de la nutrición Nutrición durante el transcurso del ciclo de vida Modalidades para sosten nutricional Trastornos por desnutrición y nutrición excesiva Aspectos nutricionales de las enfermedades agudas y crónicas14aALIMENTOS14aDIETA14aNUTRICION